La Economía costarricense despues del CAFTA /
Guardado en:
| Autor principal: | |
|---|---|
| Formato: | Texto |
| Etiquetas: |
Agregar Etiqueta
Sin Etiquetas, Sea el primero en etiquetar este registro!
|
MARC
| LEADER | 00000 a a2200000 04500 | ||
|---|---|---|---|
| 001 | 8230 | ||
| 003 | |||
| 040 | |||
| 100 | |a Villasuso Estomba, Juan Manuel | ||
| 245 | |a La Economía costarricense despues del CAFTA / |c Juan Manuel Villasuso Estomba | ||
| 773 | |g volumen 6, número 4; páginas 44-48 | ||
| 999 | |c 32822 |d 32822 | ||
